00841naa a22002417a 4500001001000000003000900010005001700019007000300036008003400039040005400073041000900127072003200136100001700168245008000185260003600265500010900301650002100410650001200431650001300443650002000456650001700476773010600493BR7907489BR-BrBNA20240918174511.0ta230509b bl.||||| |||| 00| 0 por d aBR-BrBNAbporcBiblioteca Nacional de Agricultura a(Pt) aK10b3000b8901bG514bGZ721 aGaleti, P.A.1 aReflorestamento [arvore florestal, madeira, floresta, silvicultura, Brasil]3 aCampinas, SP (Brasil): c1979.  aConservacao do Solo - Reflorestamento - Clima Campinas, SP (Brasil): 1979. p. 237-247 (BR7907489-AM)K10  aARVORE FLORESTAL aMADEIRA aFLORESTA aREFLORESTAMENTO aSILVICULTURA0 tConservacao do Solo - Reflorestamento - ClimawK10 BR7907489gCampinas, SP (Brasil), 1979. p. 237-247